Rechtskritik in der römischen Antike.
Uloženo v:
| Hlavní autor: | |
|---|---|
| Médium: | Kniha |
| Vydáno: |
München, Deutschland:
Bayerische Akademie der Wissenschaften,
1974.
|
| Edice: | Bayerische Akademie der Wissenschaften., Philosophische-historische Klasse,
|
| Témata: | |
| Tagy: |
Přidat tag
Žádné tagy, Buďte první, kdo vytvoří štítek k tomuto záznamu!
|
MARC
| LEADER | 00000nam a22000007a 4500 | ||
|---|---|---|---|
| 003 | CL-VaPUC | ||
| 005 | 20220901174454.0 | ||
| 008 | 220811t1974 ||||| |||| 00| 0 eng d | ||
| 999 | |c 438296 |d 438294 | ||
| 020 | |a 3-7696-0072-X | ||
| 040 | |c Pontificia Universidad Católica de Valparaíso | ||
| 082 | 7 | |a 340.54 NOR 1974 |2 22 | |
| 100 | |a Nörr, Dieter |e verfasser |9 296755 | ||
| 245 | |a Rechtskritik in der römischen Antike. | ||
| 260 | |a München, Deutschland: |b Bayerische Akademie der Wissenschaften, |c 1974. | ||
| 300 | |a 167 páginas. | ||
| 490 | |a Bayerische Akademie der Wissenschaften., Philosophische-historische Klasse, |n 77. | ||
| 500 | |a c.1 Donación Familia Prof. Alejandro Guzmán Brito. | ||
| 500 | |a Vorgetragen am 12 Januar 1973. | ||
| 583 | |a last modification |c 19920807 00:00:00 |k Cristina María Rojas Aguilar | ||
| 650 | |a Derecho romano |9 875459 | ||
| 942 | |c BK |2 ddc |n 0 | ||
| 952 | |0 0 |1 0 |2 ddc |4 0 |6 340_540000000000000_NOR_1974 |7 1 |8 C_AGB |9 586185 |a BIBDER |b BIBDER |d 2022-08-11 |e Donación |i 5654096 |o 340.54 NOR 1974 |p 5654096 |r 2023-01-25 |t 1 |w 2022-08-11 |y BK_US |k AGB | ||